Capital City of Culture is "Nové Zámky"
Cena „Mesto kultúry“ sa na Slovensku stala novou tradíciou od roku 2018. Každé slovenské mesto sa môže zúčastniť a bojovať o tento štatút. Hlavnými bodmi projektu sú dlhodobá podpora miestnej kultúry a umenia, prezentácia rôznych súčasných foriem umeleckej a tradičnej kultúry a rozširovanie súčasnéh...
Gespeichert in:
| 1. Verfasser: | |
|---|---|
| Format: | Buchkapitel |
| Sprache: | Englisch |
| Schlagworte: | |
| Tags: |
Keine Tags, Fügen Sie das erste Tag hinzu!
|
MARC
| LEADER | 00000naa a2200000 4500 | ||
|---|---|---|---|
| 001 | 0260450 | ||
| 005 | 20240502083743.9 | ||
| 041 | 0 | |a eng | |
| 044 | |a HU | ||
| 245 | 1 | 0 | |a Capital City of Culture is "Nové Zámky" |c Natália Goda |
| 520 | |a Cena „Mesto kultúry“ sa na Slovensku stala novou tradíciou od roku 2018. Každé slovenské mesto sa môže zúčastniť a bojovať o tento štatút. Hlavnými bodmi projektu sú dlhodobá podpora miestnej kultúry a umenia, prezentácia rôznych súčasných foriem umeleckej a tradičnej kultúry a rozširovanie súčasného publika, podpora užšej spolupráce medzi mestom a neziskovým sektorom, podpora domáceho vzdelávania a komunity, kultúrne činnosti. | ||
| 610 | 2 | 0 | |a kultúra |
| 610 | 2 | 0 | |a mestá |
| 610 | 2 | 0 | |a Slovensko |
| 610 | 2 | 0 | |a umenie |
| 610 | 2 | 0 | |a projekty |
| 100 | 1 | |a Goda, Natália, 1995- | |